00981nam a2200277 a 450000100060000000300080000600500170001400800410003102000280007203500140010004000320011404100080014608200280015424501070018226000400028930000250032950000200035450400300037465000400040465000350044470000270047970000270050694200120053399900170054595201410056259788BD-RjUL20211209080753.0161227s1976 enk b 001 0 eng  a0397473540.a0397473524 a(BD-RjUL) aDLCcDLCdDLCdBD-RjULbeng aeng00a363.20973223bPOL 197600aPolice-community relations :bimages, roles, realities /cedited by Alvin W. Cohn and Emilio C. Viano. aPhiladelphia :bLippincott,cc1976. axi, 635 p. ;c24 cm. aIncludes index. aBibliography: p. 605-626. 0aPolice-community relations.9177909 0aPolicezUnited States.91779101 aCohn, Alvin W.91779111 aViano, Emilio.9177912 2ddccBK c59788d59788 00102ddc40718NFICaRUCLbRUCLcReadingd1983-06-15eAsia Foundationl0o363.20973 POL 1976r2016-12-27 00:00:00tC-1w2016-12-27yBK